| 000 | 00765nam a22001937a 4500 | ||
|---|---|---|---|
| 005 | 20260204095245.0 | ||
| 008 | 150923b ag ||||| |||| 00| 0 spa d | ||
| 020 | _a9789505088430 | ||
| 050 | 0 | 4 |
_aKHA5936 _bD36 2009 |
| 100 | 1 | _aD' Antonio, Daniel Hugo | |
| 245 | 1 | 3 |
_aEl menor ante el delito _b : incapacidad penal del menor régimen jurídico, prevención y tratamiento _c / Daniel Hugo D' Antonio |
| 250 |
_a3a ed. _bampliada y actualizada |
||
| 260 |
_aBuenos Aires : _bAstrea de Alfredo y Ricardo Depalma, _c2009 |
||
| 300 |
_axxiii, 300 p. ; _c23 cm. |
||
| 504 | _aIncluye apéndice, bibliografía : p. 293-300 | ||
| 650 | 7 |
_2lemb _aAdministración de justicia de menores _zArgentina |
|
| 650 | 7 |
_2lemb _aDelicuencia juvenil _zArgentina |
|
| 942 |
_2lcc _cLIB |
||
| 999 |
_c101353 _d101353 |
||